000 00282nam a22001337a 4500
008 181107b xxu||||| |||| 00| 0 eng d
020 _a002328010
041 _aeng
080 _a330
100 _a55
101 _aBUS
245 _aBusiness Ethics
_cGeorge.R.T
942 _2udc
_cBK
999 _c52204
_d52204